Ekonomik büyümeyi anlamak (Kayıt no. 5643)

MARC ayrıntıları
000 -BAŞLIK
Sabit Uzunlukta Kontrol Alanı 01001na a2200325 4500
001 - KONTROL NUMARASI
Denetim Alanı 20541
003 - KONTROL NUMARASI IDENTIFIER
Denetim Alanı MIRAKIL
005 - SON İŞLEM TARİHİ VE ZAMANI
Denetim Alanı 20181213155043.0
008 - SABİT-BOY VERİ ELEMANLARI - GENEL BİLGİLER
Sabit Uzunlukta Kontrol Alanı 170124b tu 000 0
020 ## - ULUSLARARASI STANDART KİTAP NUMARASI
Uluslararası Standart Kitap Numarası 9758458795
040 ## - KATALOGLAMA KAYNAK
Orijinal Kataloglama Ajansı Milas
Kataloglama Dili tur
Metne Dönüştürmek Ajansı TR-AnCHP
041 ## - DİL KODU
Metin / Ses Parça Veya Ayrı Başlığın Dil Kodu tur
082 ## - DEWEY ONLU SINIFLANDIRMA NUMARASI
Sınıflandırma Numarası 330
Ürün Numarası E46 2005
090 ## - SINIFLAMA NUMARASI
Sınıflama Numarası 330 E46 2005
245 ## - BAŞLIK TABLOSU
Başlık Ekonomik büyümeyi anlamak
Başlığın Kalan Marka düzeyde
-- Sektör düzeyinde
-- Firma düzeyinde
Sorumluluk Tablosu, Vb TÜSİAD
246 ## - UNVAN FORM VARYING
Başlık Doğru / Kısa Başlığı Firma düzeyinde
246 ## - UNVAN FORM VARYING
Başlık Doğru / Kısa Başlığı Sektör düzeyinde
246 ## - UNVAN FORM VARYING
Başlık Doğru / Kısa Başlığı Marka düzeyde
260 ## - YAYIN, DAĞITIM, VB
Yayın, Dağıtım, Vb Yeri İstanbul
Yayıncı, Dağıtıcı, Vs Adı TÜSİAD
Yayın, Dağıtım, Vb Tarihi 2005
Üretici Firma Lebib Yalkın Yayımları ve baskı işleri
300 ## - FİZİKSEL TANIM
Kapsam 165 s.
Diğer Fiziksel Ayrıntıları tbl. ; grf.
Boyutlar 21 sm.
490 ## - SERİSİ TABLOSU
Seri Beyanı TÜSİAD-T
Hacim / Ardışık Tanımı 2005-04-392
500 ## - GENEL NOT
Genel Not Önsöz: Jean-Philippe Cotis
504 ## - KAYNAKÇA VB NOT
Kaynakça Vb Notu Kaynakça var.
650 ## - KONU KATMA GİRİŞ - TOPİKAL DÖNEM
Topikal Süreli Veya Coğrafi Ad Giriş Elemanı Ekonomi
Genel Alt Bölümü Büyüme
710 ## - KATMA GİRİŞ - KURUMSAL ADI
Giriş Elemanı Olarak Kurumsal Ad Veya Yargı Alanı Adı Türk Sanayicileri ve İşadamları Derneği (TÜSİAD)
740 ## - KATMA GİRİŞ - KONTROLSUZ İLGİLİ / ANALİTİK BAŞLIK
Kontrol Edilmeyen / İlgili Analitik Başlıktaki Firma düzeyinde
740 ## - KATMA GİRİŞ - KONTROLSUZ İLGİLİ / ANALİTİK BAŞLIK
Kontrol Edilmeyen / İlgili Analitik Başlıktaki Sektör düzeyinde
740 ## - KATMA GİRİŞ - KONTROLSUZ İLGİLİ / ANALİTİK BAŞLIK
Kontrol Edilmeyen / İlgili Analitik Başlıktaki Marka düzeyde
942 ## - EKLENDİ GİRİŞ ELEMANLARI (KOHA)
Sınıflandırma Veya Raf Düzeni Kaynak Dewey Decimal Classification
Koha Öğesi Türü Kitaplar
999 ## - SİSTEM KONTROL NUMARALARI (KOHA)
Koha Biblionumber 5643
Koha Biblioitemnumber 5643
Mevcut
Kalıcı Konum Mevcut Konum Edinme Tarihi Edinim Kaynak Toplam Check-Out'Lar Tam Çağrı Numarası Barkod Tarih Son Görülme İtibaren Geçerli Fiyatlar Koha Öğesi Türü Kopya Sayısı
CHP Kütüphanesi CHP Kütüphanesi 01/27/2017 Bağış   330 E46 2005 012140 01/27/2017 01/27/2017 Kitaplar k.2
Parti Okulu Kütüphanesi Parti Okulu Kütüphanesi 01/24/2017 Bağış   330 E46 2005 P00681 01/24/2017 01/24/2017 Kitaplar